00560nam a2200169 a 450000100100000000500170001000800410002704000250006808200150009310000180010824500510012626000540017730000210023150000330025250400730028550400320035800003542020200930074329.0111031s1943 mx 000 0 spa d aDO-SdBNPbspacBNPHU axxxxbxxxx1 aKahler, Erich10aHistoria universal del hombre /cErich Kahler. aMéxico, :bFondo de cultura econónica,c1943. a605 p. :b24 cm. aIncluye índice analítico aIncluye referencias bibliográficas y notas al pie de las páginas aBibliografía : p. 561-584